000 00335nam a22001451a 4500
082 _aH3
_bDAM/B
100 _aDamodar Khadse
245 _aBhagadar/
_cby Damodar Khadse
260 _aNew Delhi:
_bRadhakrishna,
_c1996.
300 _a108p.
650 _aNovel Hindi
650 _aLiterature Hindi
650 _aLiterature
942 _cBK
999 _c4544
_d4544